| 000 | 004890000a22001930004500 | ||
|---|---|---|---|
| 020 | _a0-912552-41-7 | ||
| 041 | 0 | _aENG | |
| 082 | 0 | 4 | _aG 266 D276t |
| 100 | 1 | _aDayton, Eduardo R. (Edward) | |
| 245 | 1 | 0 | _aThat everyone may hear : Reaching the unreached / Edward R. Dayton |
| 250 | _a3 | ||
| 260 | _aUSA., : MARC | ||
| 300 | _a91 Pag | ||
| 001 | 7210 | ||
| 942 | _cBK | ||
| 999 |
_c37432 _d37432 |
||
| 336 |
_atexto _btxt _2rdacontent |
||
| 337 |
_2rdamedia _asin mediación _bn |
||
| 338 |
_2rdacarrier _avolumen _bnc |
||